Państwa, które mają dostęp do morza od wschodu - Statystyki

Ogólne statystyki
  • Ten quiz został rozwiązany 198 razy
    191 od ostatniego zresetowania
  • Średni wynik to 61 z 86
Statystyki odpowiedzi
Morze Państwo % Poprawnych
Morze Sargassowe / Ocean Atlantycki Stany Zjednoczone
96%
Morze Labradorskie / Ocean Atlantycki Kanada
95%
Morze Beringa / Morze Czukockie / Ocean Spokojny Rosja
92%
Zatoka Meksykańska / Morze Karaibskie Meksyk
91%
Morze Koralowe / Morze Tasmana Australia
90%
Morze Żółte / Morze Wschodniochińskie Chiny
90%
Ocean Spokojny Japonia
89%
Ocean Atlantycki Brazylia
88%
Ocean Atlantycki Argentyna
86%
Zatoka Bengalska Indie
85%
Zatoka Perska Arabia Saudyjska
84%
Morze Bałtyckie / Sund Dania
83%
Morze Czerwone Egipt
83%
Morze Śródziemne Hiszpania
82%
Ocean Atlantycki Kuba
82%
Ocean Indyjski Południowa Afryka
82%
Morze Arabskie Oman
81%
Ocean Atlantycki Dominika
80%
Morze Japońskie Korea Południowa
80%
Ocean Spokojny Nowa Zelandia
80%
Morze Północne Wielka Brytania
80%
Morze Śródziemne Włochy
80%
Morze Filipińskie Filipiny
79%
Morze Japońskie Korea Północna
79%
Morze Bałtyckie Szwecja
79%
Morze Norweskie Islandia
77%
Ocean Atlantycki Dominikana
76%
Ocean Indyjski Madagaskar
76%
Ocean Indyjski Somalia
76%
Morze Południowochińskie Wietnam
76%
Morze Czarne Bułgaria
74%
Morze Irlandzkie Irlandia
74%
Morze Egejskie Grecja
73%
Morze Karaibskie Jamajka
73%
Zatoka Perska Katar
73%
Zatoka Bengalska Sri Lanka
72%
Ocean Atlantycki Urugwaj
72%
Kanał Mozambicki Mozambik
71%
Zatoka Omańska Zjednoczone Emiraty Arabskie
71%
Morze Karaibskie Belize
69%
Morze Czerwone Erytrea
69%
Morze Arabskie Jemen
69%
Morze Celebes Malezja
69%
Morze Czarne Rumunia
69%
Ocean Indyjski Kenia
68%
Morze Karaibskie Kostaryka
68%
Zatoka Perska Kuwejt
68%
Ocean Spokojny Wyspy Salomona
68%
Morze Śródziemne Cypr
67%
Ocean Indyjski Tanzania
67%
Ocean Spokojny Wyspy Marshalla
67%
Zatoka Perska Bahrajn
66%
Morze Śródziemne Malta
66%
Morze Salomona Papua-Nowa Gwinea
66%
Ocean Atlantycki Antigua i Barbuda
65%
Morze Południowochińskie Tajlandia
65%
Morze Wschodniochińskie / Morze Filipińskie Tajwan
65%
Ocean Spokojny Kiribati
64%
Morze Karaibskie Nikaragua
64%
Ocean Spokojny Tuvalu
64%
Ocean Spokojny Fidżi
63%
Ocean Spokojny Vanuatu
63%
Zatoka Adeńska Dżibuti
62%
Ocean Indyjski Malediwy
62%
Ocean Spokojny Palau
62%
Ocean Atlantycki Trynidad i Tobago
62%
Ocean Atlantycki Bahamy
61%
Ocean Atlantycki Barbados
61%
Morze Timor Timor Wschodni
61%
Ocean Spokojny Nauru
60%
Ocean Atlantycki Saint Lucia
59%
Ocean Indyjski Seszele
59%
Ocean Spokojny Tonga
59%
Zatoka Gwinejska Wyspy Świętego Tomasza i Książęca
59%
Ocean Atlantycki Grenada
58%
Ocean Indyjski Komory
58%
Ocean Spokojny Mikronezja
58%
Morze Karaibskie Saint Kitts i Nevis
58%
Morze Karaibskie Gwatemala
57%
Ocean Indyjski Mauritius
57%
Ocean Atlantycki Republika Zielonego Przylądka
57%
Ocean Atlantycki Saint Vincent i Grenadyny
57%
Ocean Spokojny Samoa
54%
Cieśnina Johor Singapur
54%
Morze Śródziemne Tunezja
54%
Morze Śródziemne Monako
38%
Nie znaleziono quizów pasujących do podanych kryteriów
Rozkład punktacji
Procent ludzi z każdym wynikiem
Percentyl według liczby udzielonych odpowiedzi
Twoja historia wyników
Nie rozwiązałeś tego quizu od ostatniego zresetowania